|
|
|
|
| LEADER |
00000nab a2200000 a 4500 |
| 001 |
vtls000890427 |
| 003 |
SK-MaSNL |
| 005 |
20260304010610.0 |
| 008 |
160324c2004 xo mr|p|||||||000 b|slo |
| 015 |
|
|
|a SNBR2004/11
|2 SNKBUCL
|
| 040 |
|
|
|a SNKBUCL
|b slo
|c SK
|e AACR2
|
| 041 |
0 |
|
|a slo
|
| 044 |
|
|
|a xo
|c SK
|
| 080 |
|
|
|a 612.86
|2 1997
|
| 080 |
|
|
|a 06.068Nobel:61
|2 1997
|
| 100 |
1 |
|
|a Urban, Zdeněk
|4 aut
|9 589063
|
| 245 |
1 |
0 |
|a Nobelovka za rozlúštený čuch
|b medicína
|c Zdeněk Urban
|
| 300 |
|
|
|b Fotogr., obr.
|
| 600 |
1 |
7 |
|a Buck, Linda
|d 1947-
|2 SNK
|9 1288635
|
| 600 |
1 |
7 |
|a Axel, Richard
|d 1946-
|2 SNK
|9 1288636
|
| 648 |
|
7 |
|a 2004
|2 SNK
|9 303492
|
| 650 |
0 |
7 |
|a Nobelova cena za fyziológiu a medicínu
|2 SNKPH
|9 79082
|
| 650 |
0 |
7 |
|a čuch
|2 SNKPH
|9 2441
|
| 650 |
0 |
7 |
|a zmyslové vnímanie
|2 SNKPH
|9 68938
|
| 773 |
0 |
|
|t Formát
|g Roč. III, č. 41 (2004), s. 38-39
|x 1336-1325
|
| 852 |
|
|
|a SNK
|b KIS3GCP
|
| 958 |
|
|
|a MI
|
| 958 |
|
|
|a US
|
| 958 |
|
|
|a BC
|
| 999 |
|
|
|c 2561721
|d 2563651
|